000 00977nam a2200277Ia 4500
003 OSt
005 20221005104519.0
006 a|||||r|||| 00| 0
007 ta
008 221004b |||||||| |||| 00| 0 hin d
020 _a8189537822 (hbk)
_cIndian Rupees 615
024 _a38964
037 _bGift, 30/08/2018,
_cTextual
040 _aCRL
_cCRL
_bhin
041 _2hin
_ahin
082 _aO152,6:g(N), Q0
100 _aजोशी, ज्योतिष, संपा.
245 0 _aकला - परम्परा
246 _aKalā - paramparā
260 _aदिल्ली
_bयश पब्लिकेशन्स भारत
_c2010
300 _a327पृ0
_ccm.
490 _aभारतीय कला चिन्तन - दो
650 _aहिन्दी निबंध
942 _hO152,6:g(N), Q0
_cTEXL
_2cc
999 _c1012937
_d1012937